000 01198nam0a22003131 4500
001 rc\4243717
005 20130416113017.3
021 _aRU
_b[63-11438]
035 _a(NLR Aleph) 008471965
090 _a7935416
_c7935416
100 _a20130416d1963 |||y0rusy50 ca
101 1 _arus
_ceng
102 _aRU
105 _aa z |||||
200 1 _aМагнитные усилители
_fПер. с англ. Н.М. Ивановой
_gПод ред. канд. техн. наук доц. И.Б. Негневицкого
210 _aМосква
_aЛенинград
_cГосэнергоиздат
_d1963
215 _a288 с.
_cил.
_d21
300 _aНа обороте тит. л.: George M. Attura. Magnetic amplifier engineering. New York, McGraw-Hill, 1959
320 _aБиблиогр.: с. 286-288 (56 назв.)
517 0 _aMagnetic amplifier engineering
606 _aУсилители магнитные
_2psbo
700 1 _aАттура
_bГ. М.
_gГеорг М.
702 1 _aИванова
_bН. М.
_4730
702 1 _aНегневицкий
_bИ. Б.
_4340
801 0 _aRU
_bNLR
_gpsbo
801 1 _aRU
_bELAR
_2rusmarc
852 _aNLR
_j63-3/1360
942 _cBOOK
980 _aNB